00000000nam##2200000za#4500
0019.675597
003CaOODSP
00520210624225336
007cr |||||||||||
008150407|2006||||xxc|||||o    f|0| 0 eng|d
020 |a978-1-100-54033-7
040 |aCaOODSP|beng
041 |aeng
041 |afre
043 |an-cn---
0861 |aSO2-11/9-1996-PDF
1101 |aCanada. |bGovernor General. |bOffice of the Secretary.
24510|aRegulations governing the award of the Police Exemplary Service Medal |h[electronic resource]
2461 |iShort title : |aPolice Exemplary Service Medal Regulations
260 |aOttawa - Ontario : |bGovernor General of Canada. Office of the Secretary |c2006.
300 |a8p.
590 |a12-31-Supp|b2012-07-06
69007|aDecorations|2gcpds
792 |tRèglement concernant l'attribution de la Médaille de la police pour services distingués |efre|w(CaOODSP)9.675598
85640|ahttp://publications.gc.ca|qPDF|s74 KB|uhttps://publications.gc.ca/collections/collection_2012/bsgg-osgg/SO2-11-9-1996.pdf